| 000 | 00800nam a2200229Ia 4500 | ||
|---|---|---|---|
| 001 | 1669 | ||
| 003 | GE_BSU | ||
| 008 | 181216s||||||||xx |||||||||||||| ||und|| | ||
| 020 | _a9994052087 | ||
| 040 | _cGE_BSU | ||
| 080 | _a004.7 | ||
| 100 | _aჭანტურია,ნ; ჯანაძე,ლ; | ||
| 245 | _aკომპიუტერები და კომპიუტერული ქსელები. ნ.1 | ||
| 260 | _aქუთაისი | ||
| 260 | _c2005 | ||
| 300 | _a144 გვ. 19 სმ. | ||
| 653 | _aინფორმატიკა | ||
| 653 | _aკომპიუტერები; | ||
| 653 | _aკომპიუტერული ქსელები; | ||
| 653 | _aსაინფორმაციო ტექნოლოგიები | ||
| 942 | _cBK | ||
| 999 |
_c35786 _d35786 |
||